ARRUPE JESUIT UNIVERSITY

CORONAVIRUS -STOP THE SPREAD - CLEAN,DISINFECT,COVER

The little world of Don Camilo (Record no. 130568)

MARC details
000 -LEADER
fixed length control field 00463nam a22001457a 4500
008 - FIXED-LENGTH DATA ELEMENTS--GENERAL INFORMATION
fixed length control field 201028b ||||| |||| 00| 0 eng d
020 ## - INTERNATIONAL STANDARD BOOK NUMBER
International Standard Book Number 038523242 X
050 ## - LIBRARY OF CONGRESS CALL NUMBER
Classification number PQ4817.U193 M63 1986
100 ## - MAIN ENTRY--PERSONAL NAME
Personal name Guareschi, Giovanni
9 (RLIN) 50047
245 ## - TITLE STATEMENT
Title The little world of Don Camilo
Statement of responsibility, etc / by Giovanni Guareschi
260 ## - PUBLICATION, DISTRIBUTION, ETC. (IMPRINT)
Place of publication, distribution, etc New York:
Name of publisher, distributor, etc Double day and company,
Date of publication, distribution, etc 1986.
300 ## - PHYSICAL DESCRIPTION
Extent 133p. ;
Dimensions 21cm.
700 ## - ADDED ENTRY--PERSONAL NAME
Personal name Troubridge, Una Vincenzo
Relator term tr.
9 (RLIN) 50048
942 ## - ADDED ENTRY ELEMENTS (KOHA)
Source of classification or shelving scheme Library of Congress Classification
Item type Monograph ( Printed materials)
Holdings
Withdrawn status Lost status Source of classification or shelving scheme Damaged status Not for loan Collection code Home library Current library Shelving location Date acquired Total Checkouts Full call number Barcode Date last seen Price effective from Koha item type
    Library of Congress Classification     Main Collection ARRUPE LIBRARY ARRUPE LIBRARY Main Collection 28/10/2020   PQ4817.U193 M63 1986 46600008157 28/10/2020 28/10/2020 Monograph ( Printed materials)

 

Arrupe Library. PO Box MP320 Mt Pleasant, Harare, Zimbabwe
263 242 745411|librarian@aju.ac.zw